000 00536nmm a2200193Ia 4500
008 251105s9999||||xx |||||||||||||||||und||
020 _a9788415410096
041 _aspa
100 _aJeffries, Sabrina
245 0 _aLa verdad sobre Lord Stoneville
264 _a[Madrid, España] :
_bTerciopelo,
_c2014
300 _a303 páginas
490 _aTerciopelo
650 _aRomance
700 _aJeffries, Sabrina
700 1 _a Rabascall García, Iolanda
856 _uhttps://public.digitaliapublishing.com/a/32529
942 _cCF
999 _c67228
_d67228